30 Best CS Players in 2025 - Statistics

General Stats
  • This quiz has been taken 23 times
  • The average score is 20 of 30
Answer Stats
Rating 3.0 Player Team % Correct
1.41 donk Team Spirit
100%
1.32 ZywOo Team Vitality
100%
1.24 m0NESY Team Falcons
95%
1.16 ropz Team Vitality
84%
1.12 b1t Natus Vincere
79%
1.12 flameZ Team Vitality
79%
1.14 molodoy FURIA
79%
1.13 NiKo Team Falcons
79%
1.20 sh1ro Team Spirit
79%
1.15 XANTARES Aurora
79%
1.17 frozen FaZe Clan
74%
1.14 HeavyGod G2
74%
1.12 Senzu The MongolZ
74%
1.17 Twistzz FaZe Clan
74%
1.11 w0nderful Natus Vincere
74%
1.09 YEKINDAR FURIA
74%
1.09 iM Natus Vincere
68%
1.19 KSCERATO FURIA
68%
1.08 mezii Team Vitality
68%
1.11 Spinx MOUZ
63%
1.09 xertioN MOUZ
63%
1.12 tN1R Team Spirit
58%
1.09 EliGE Team Liquid
53%
1.15 JamYoung TYLOO
47%
1.12 PR GamerLegion
47%
1.11 Wicadia Aurora
47%
1.13 latto Legacy
37%
1.09 npl B8
37%
1.11 REZ GamerLegion
26%
1.12 Magnojez BetBoom Team
21%
No matching quizzes found
Score Distribution
Percent of People with Each Score
Percentile by Number Answered
Your Score History
You have not taken this quiz